[Event "TOP 16 Poule Haute"]
[Site "Le Port Marly FRA"]
[Date "2009.05.28"]
[Round "8"]
[White "Apicella,M"]
[Black "Pelletier,Y"]
[Result "1/2-1/2"]
[WhiteElo "2521"]
[BlackElo "2559"]

1.e4 d6 2.d4 Nf6 3.Nc3 e5 4.Nge2 Be7 5.g3 Nbd7 6.Bg2 c6 7.a4 b6 8.O-O Bb7
9.h3 h5 10.Be3 a6 11.Qd2 O-O 12.Rad1 b5 13.dxe5 dxe5 14.g4 hxg4 15.hxg4 Nc5
16.Qc1 Qc7 17.g5 Nh7 18.f4 Ne6 19.fxe5 Qxe5 20.Rd7 Nc5 21.Rdd1 g6 22.Bf4 Qe6
23.Rf3 Nxa4 24.Nxa4 bxa4 25.Nc3 Rad8 26.Rdf1 Qc4 27.Kh1 Bc8 28.Qe3 a3 29.bxa3 Qc5
30.e5 Qxe3 31.Rxe3 Bxg5 32.Bxc6 Bxf4 33.Rxf4 Rd2 34.Re2 Rfd8 35.Rff2 Rxe2
36.Rxe2 Bg4 37.Rf2 Rc8 38.Nd5 Kg7 39.Bb7 Rc5 40.Nf6 Be6 41.Nxh7 Kxh7 42.Bxa6 Ra5  1/2-1/2

[Event "Subic Open"]
[Site "Subic PHI"]
[Date "2009.05.28"]
[Round "5"]
[White "Lkhamsuren,U"]
[Black "Olay,E"]
[Result "0-1"]
[WhiteElo "2038"]
[BlackElo "2348"]

1.e4 d6 2.d4 Nf6 3.Nc3 e5 4.Nf3 exd4 5.Nxd4 Be7 6.Be2 O-O 7.O-O Re8 8.f4 Bf8
9.Bf3 c6 10.Be3 Nbd7 11.Re1 Qc7 12.Qd2 a5 13.Rad1 Rb8 14.Nf5 d5 15.exd5 cxd5
16.Nb5 Qc6 17.a4 Nc5 18.Nfd4 Qb6 19.b3 Nce4 20.Bxe4 Nxe4 21.Ne2 Qg6 22.Qxd5 Nf6
23.Qd4 Bg4 24.Qb6 Bf3 25.g3 Qh5 26.Rd2 Re6 27.Qa7 Rbe8 28.g4 Nxg4 29.Ng3 Qh3
30.Nf1 Rg6 31.Ng3 Nf2 32.Rxf2 Rxg3+ 33.hxg3 Qh1+  0-1

[Event "ch-UKR w"]
[Site "Evpatoria UKR"]
[Date "2009.05.29"]
[Round "7"]
[White "Kravchenko,Y"]
[Black "Rakhmangulova,A"]
[Result "0-1"]
[WhiteElo "2046"]
[BlackElo "2069"]

1.e4 d6 2.d4 Nf6 3.Nc3 c6 4.g3 Nbd7 5.Bg2 e5 6.Nge2 Be7 7.O-O O-O 8.a4 b6
9.h3 Bb7 10.Be3 a6 11.Qe1 b5 12.f4 b4 13.dxe5 dxe5 14.Nd1 c5 15.Nf2 Bd6 16.f5 c4
17.Rd1 Qc7 18.g4 h6 19.Ng3 a5 20.Qd2 Bc5 21.g5 hxg5 22.Bxc5 Nxc5 23.Qxg5 Nh7
24.Qh4 f6 25.Kh2 Nxa4 26.Rg1 Nxb2 27.Rb1 c3 28.Nh5 Ng5 29.Qg4 a4 30.h4 Nh7
31.Bf1 Rf7 32.Qg2 b3 33.Rc1 Rd8 34.Qg3 Rd2 35.cxb3 c2 36.bxa4 Bxe4 37.Qe3 Qd7
38.Qxe4 Rxf2+ 39.Bg2 Qd2 40.Qc6 Nd3 41.Ra1 c1=Q 42.Raxc1 Nxc1 43.Qxc1 Rxg2+  0-1

[Event "ch-UZB"]
[Site "Tashkent UZB"]
[Date "2009.05.29"]
[Round "13"]
[White "Filippov,An UZB"]
[Black "Kayumov,S"]
[Result "1-0"]
[WhiteElo "2584"]
[BlackElo "2450"]

1.e4 d6 2.d4 Nf6 3.Nc3 e5 4.Nf3 Nbd7 5.Bc4 Be7 6.O-O O-O 7.Re1 a6 8.a4 b6
9.b3 c6 10.Bb2 Qc7 11.Bd3 g6 12.Ne2 Re8 13.Ng3 Bf8 14.Qd2 Bg7 15.h3 Bb7 16.Rad1 b5
17.Bc3 Rac8 18.Ba5 Qb8 19.c3 Qa7 20.Bc2 d5 21.exd5 Nxd5 22.c4 bxc4 23.bxc4 N5b6
24.dxe5 c5 25.Be4 Bxe4 26.Rxe4 Nxe5 27.Nxe5 Rxe5 28.Rxe5 Bxe5 29.Qg5 f6 30.Qg4 Re8
31.Qe4 Qf7 32.Bxb6 Bxg3 33.Qc6 Qe6 34.Qxe6+ Rxe6 35.Bxc5 Rc6 36.Rd5 Bc7 37.Kf1 Kf7
38.Ke2 Ke6 39.Kd3 h5 40.Bd4 Bd6 41.g4 h4 42.f3 f5 43.gxf5+ gxf5 44.Be3 Rc8
45.Kd4 Rg8 46.Ra5 Ra8 47.Bg5 Bg3 48.f4 Bf2+ 49.Kd3 Bb6 50.Re5+ Kd7 51.Rxf5 Re8
52.Re5 Rb8 53.Re7+ Kc6 54.Re6+ Kd7 55.Re7+ Kc6 56.Rh7 Re8 57.Re7 Rg8  1-0

[Event "Open Univ La Punta CAA"]
[Site "Buenos Aires ARG"]
[Date "2009.05.30"]
[Round "7"]
[White "Virgillito,C"]
[Black "Perelman,H"]
[Result "1-0"]
[WhiteElo "2200"]
[BlackElo "2326"]

1.e4 d6 2.d4 Nf6 3.Nc3 Nbd7 4.Nf3 e5 5.Bc4 Be7 6.O-O O-O 7.Re1 c6 8.a4 a5
9.h3 Nb6 10.Bf1 Nfd7 11.Be3 Bf6 12.dxe5 Nxe5 13.Nxe5 Bxe5 14.Qd2 f5 15.Rad1 fxe4
16.Nxe4 d5 17.Bc5 Rf4 18.Ng3 Bb8 19.Qe3 Nd7 20.Qe6+ Rf7 21.Qe8+  1-0

[Event "ch-UKR w"]
[Site "Evpatoria UKR"]
[Date "2009.05.30"]
[Round "8"]
[White "Breslavska,G"]
[Black "Korniyuk,M"]
[Result "1-0"]
[WhiteElo "2202"]
[BlackElo "2043"]

1.e4 d6 2.d4 Nf6 3.Nc3 e5 4.Nf3 Nbd7 5.Bc4 Be7 6.a4 a5 7.O-O O-O 8.Re1 c6
9.Qe2 Qc7 10.h3 h6 11.Be3 Rd8 12.Rad1 b6 13.d5 Bb7 14.Bc1 Nc5 15.b3 Bf8 16.Ba3 Nh5
17.dxc6 Nf4 18.Qd2 Bxc6 19.Nd5 Bxd5 20.Bxd5 Rac8 21.Bb2 Na6 22.Bc4 Nc5 23.Qe3 g6
24.Kh2 Kh7 25.g3 Nfe6 26.Qe2 f5 27.exf5 gxf5 28.Nh4 Qf7 29.f4 exf4 30.gxf4 Re8
31.Qf3 Be7 32.Nxf5 Qxf5 33.Rxe6 Bg5 34.Rexd6 Bxf4+ 35.Kh1 Re3 36.Rf6 Qxf6
37.Qg4 Qf8 38.Rg1 Bg5 39.Rf1 Qe8 40.Rf7+ Qxf7 41.Bxf7  1-0

[Event "ch-UKR w"]
[Site "Evpatoria UKR"]
[Date "2009.05.31"]
[Round "9"]
[White "Krasiuk,K"]
[Black "Rakhmangulova,A"]
[Result "1/2-1/2"]
[WhiteElo "2035"]
[BlackElo "2069"]

1.e4 d6 2.d4 Nf6 3.Nc3 c6 4.f4 Qa5 5.Bd3 e5 6.Nf3 Bg4 7.Be3 Nbd7 8.O-O Be7
9.a3 O-O 10.h3 Bh5 11.Qe1 Bxf3 12.Rxf3 b5 13.g4 a6 14.Kg2 Qc7 15.dxe5 dxe5
16.g5 Nh5 17.f5 Nf4+ 18.Bxf4 exf4 19.f6 gxf6 20.gxf6 Bxf6 21.e5 Nxe5 22.Rxf4 Nxd3
23.Rg4+ Kh8 24.cxd3 Rg8 25.Qf2 Rxg4+ 26.hxg4 Bxc3 27.bxc3 Qe5 28.Rf1 Rg8
29.Kh3 Rg6 30.Qf4 Qxf4 31.Rxf4 Re6 32.Rxf7 Re3+ 33.Kh4 Rxd3 34.Ra7 Rxc3 35.Rxa6 Kg7
36.Kg5 Rc5+ 37.Kf4 Kf6 38.Kf3 Ke5 39.Ra7 h6 40.Re7+ Kd4 41.Kf4 Kc3 42.Rh7 Kb3
43.Rxh6 Rc4+ 44.Kf5 Kxa3 45.Rh3+ Ka4 46.g5 Rc2 47.Rg3 Rf2+ 48.Ke5 Rf8 49.g6 c5
50.g7 Rg8 51.Kd5 Kb4 52.Rg1 c4 53.Kd4 Rd8+ 54.Ke3 Rg8 55.Kd4 Rd8+  1/2-1/2

[Event "XXXI Nezhmetdinov Mem"]
[Site "Kazan RUS"]
[Date "2009.05.31"]
[Round "1"]
[White "Ambartsumova,K"]
[Black "Khairullin,A"]
[Result "1-0"]
[WhiteElo "2248"]
[BlackElo "1882"]

1.e4 d6 2.d4 Nf6 3.Nc3 e5 4.Nf3 Nbd7 5.Bc4 Be7 6.O-O O-O 7.Re1 c6 8.a4 b6
9.b3 a6 10.Bb2 Bb7 11.Bd3 Re8 12.Ne2 Qc7 13.Ng3 c5 14.dxe5 dxe5 15.Nf5 Bf8
16.Qd2 Nb8 17.Qg5 Kh8 18.Nh6 gxh6 19.Qxf6+ Bg7 20.Qf5 Nc6 21.Rad1 Nb4 22.Bc4 Re7
23.c3 Nc6 24.Rd3 Rd8 25.Rxd8+ Nxd8 26.Rd1 Ne6 27.Bxe6 Rxe6 28.c4 Bc8 29.Rd5 Re7
30.Qh5 f6 31.Nh4 Kg8 32.Bc1 Be6 33.Nf5 Bxf5 34.exf5 Rf7 35.Bxh6 Kf8 36.Be3 Kg8
37.Qd1 Bf8 38.Rd8 Kg7 39.Qd2 Kg8 40.Bh6 Qe7 41.Qd5 Kh8 42.Qxf7  1-0

[Event "TOP 16 Poule Basse"]
[Site "Le Port Marly FRA"]
[Date "2009.05.31"]
[Round "11"]
[White "San Emeterio Cabanes,J"]
[Black "Mchedlishvili,M"]
[Result "1/2-1/2"]
[WhiteElo "2392"]
[BlackElo "2586"]

1.d4 d6 2.e4 Nf6 3.Nc3 e5 4.Nf3 Nbd7 5.Bc4 Be7 6.O-O O-O 7.h3 c6 8.a4 b6
9.Qe2 a6 10.Rd1 Qc7 11.dxe5 dxe5 12.Nh4 Nc5 13.Be3 g6 14.Bh6 Re8 15.Nf3 Ne6
16.Ng5 Nxg5 17.Bxg5 Nh5 18.Be3 Nf4 19.Qf3 Be6 20.Bxe6 Nxe6 21.a5 b5 22.Bb6 Qb7
23.Qg3 Bf6 24.Rd6 Bg7 25.Ne2 Bf8 26.Rd2 Nc5 27.Bxc5 Bxc5 28.Rad1 Qe7 29.Rd7 Qf6
30.Qf3 Qxf3 31.gxf3 Bb4 32.Rc7 Rac8 33.Rdd7 Bxa5 34.Rxc8 Rxc8 35.Ra7 Bd2
36.Rxa6 Kf8 37.Kf1 Ke7 38.Ng3 Rc7 39.Ke2 Bc1 40.b3 Kd6 41.c3 Ke7 42.Nf1 Kf6
43.Ne3 Bxe3 44.Kxe3 Kg5 45.Ra8 Kh4 46.Re8 Kxh3 47.Rxe5 h5 48.Rg5 h4 49.f4 Kh2
50.f5 gxf5 51.Rxf5 h3 52.Rg5 Ra7 53.b4 Ra3 54.Kd4 Ra2 55.Kc5 Rxf2 56.Kxc6 Rf3
57.Kxb5 Rxc3 58.Rg7 f6 59.Rg6 Rg3 60.Rxf6 Kg2 61.Rh6 h2 62.Rxh2+  1/2-1/2

[Event "TOP 16 Poule Haute"]
[Site "Le Port Marly FRA"]
[Date "2009.05.31"]
[Round "11"]
[White "Clery,N"]
[Black "Belkhodja,S"]
[Result "1-0"]
[WhiteElo "2389"]
[BlackElo "2479"]

1.d4 d6 2.e4 Nf6 3.Nc3 c6 4.g3 e5 5.dxe5 dxe5 6.Qxd8+ Kxd8 7.Bg5 Be7 8.Nf3 Nfd7
9.O-O-O f6 10.Be3 Kc7 11.Nh4 Bc5 12.Nf5 g6 13.Nh6 Bxe3+ 14.fxe3 Nb6 15.g4 Be6
16.Be2 N8d7 17.Rhf1 Rhf8 18.h4 Nc4 19.Bxc4 Bxc4 20.Rf2 Be6 21.Rdf1 Kd6 22.b3 b5
23.Rd2+ Ke7 24.Rfd1 Rad8 25.Ne2 Nc5 26.Ng3 Rxd2 27.Rxd2 a5 28.Kb2 Nb7 29.Rf2 Nd6
30.a3 c5 31.Rf1 a4 32.g5 fxg5 33.Rxf8 gxh4 34.Rf3 hxg3 35.Rxg3 Nxe4 36.Rg1 Kf6
37.Ng4+ Bxg4 38.Rxg4 Nd6 39.Rg1 axb3 40.cxb3 c4 41.b4 h5 42.a4 bxa4 43.Ka3 g5
44.Kxa4 g4 45.b5 Ke6 46.b6 Kd5 47.Rh1 c3 48.Kb3 Nc4 49.e4+ Kc5 50.b7 Na5+
51.Kxc3 Nxb7 52.Rxh5 Kd6 53.Rh6+ Kd7 54.Kc4  1-0

[Event "3rd ENCI Limburg Open"]
[Site "Maastricht NED"]
[Date "2009.06.01"]
[Round "7"]
[White "Kunin,V"]
[Black "Dek,L"]
[Result "1-0"]
[WhiteElo "2533"]
[BlackElo "2179"]

1.d4 d6 2.e4 Nf6 3.Nc3 Nbd7 4.Nf3 e5 5.g4 Nxg4 6.Rg1 exd4 7.Nxd4 Nde5 8.h3 Nf6
9.f4 Nc6 10.Nf3 Be6 11.f5 Bd7 12.Qe2 Ne5 13.Bg5 c6 14.O-O-O Qa5 15.Nxe5 dxe5
16.Bxf6 gxf6 17.Qh5 Bb4 18.Bc4 O-O-O 19.Ne2 Qc5 20.Bd3 Qe3+ 21.Kb1 Be8 22.Qg4 Bf8
23.Ng3 Qb6 24.Bc4 Rd4 25.Bb3 c5 26.c3 Rxd1+ 27.Rxd1 c4 28.Bxc4 Ba4 29.b3 Ba3
30.Kc2 Bc6 31.Qe2 Rg8 32.Qf3 Qc5 33.Ne2 Rd8 34.Rxd8+ Kxd8 35.Bxf7 b5 36.Bd5 Bxd5
37.Qd3 Kc7 38.Qxd5 Qe3 39.Qd3 Bc5 40.b4 Qxd3+ 41.Kxd3 Bf2 42.c4 Kc6 43.Nc3 a6
44.Nd5 Bh4 45.Kc3 Bg5 46.Kb3 Bh4 47.a4 h6 48.Nc3 bxc4+ 49.Kxc4 Be1 50.Nd5 Bh4
51.Nc3 Bf2 52.b5+ axb5+ 53.Nxb5 Kb6 54.Kd5 Ka5 55.Ke6 Kxa4 56.Nd6 Kb4 57.Kxf6 Kc5
58.Ke6 Bh4 59.Ne8 Kd4 60.f6  1-0

[Event "ch-UZB"]
[Site "Tashkent UZB"]
[Date "2009.06.01"]
[Round "4"]
[White "Saidov,B"]
[Black "Kayumov,S"]
[Result "1/2-1/2"]
[WhiteElo "2345"]
[BlackElo "2450"]

1.e4 d6 2.d4 Nf6 3.Nc3 Nbd7 4.Nf3 e5 5.Bc4 Be7 6.dxe5 dxe5 7.Bxf7+ Kxf7 8.Ng5+ Kg8
9.Ne6 Qe8 10.Nxc7 Qg6 11.Nxa8 Qxg2 12.Rf1 Nc5 13.Be3 Bh3 14.Qe2 Qxf1+ 15.Qxf1 Bxf1
16.Kxf1 Ncxe4 17.Nxe4 Nxe4 18.Bxa7 Kf7 19.Nb6 Rd8 20.Re1 Nxf2 21.Nc4 Ng4
22.h3 b5 23.Nxe5+ Nxe5 24.Rxe5 Ra8 25.Bb6 b4 26.Ra5 Rc8 27.Ra7 Ke6 28.Rc7 Ra8
29.Bd4 Rxa2 30.Bxg7 Bd6 31.Rc4 Ra7 32.Rg4 Rf7+ 33.Ke2 Rf5 34.Bd4 Rh5 35.h4 Be7
36.Bf2 Ra5 37.Re4+ Kf7 38.b3 Rd5 39.Be1 Rb5 40.Kd3 Rb8 41.Rc4 Rb5 42.Ke4 Bd6
43.Bd2 Re5+ 44.Kf3 Rb5 45.h5 Rf5+ 46.Kg4 Rb5 47.h6 Ke6 48.Re4+ Kd5 49.Re8 Rb7
50.Kf3 Rc7 51.Rd8 Rf7+ 52.Ke2 Ke6 53.Kd3 Rf3+ 54.Ke2 Rf7 55.Be3 Rb7 56.Kd3 Rb5
57.Rh8 Rb7 58.Bd4 Rd7 59.Ke4 Rc7 60.Bg7 Rxc2 61.Rxh7 Rh2 62.Rh8 Rh4+ 63.Kd3 Kf7
64.Ra8 Bc5 65.Rc8 Bd6 66.Ra8 Bc5 67.Rb8 Be7 68.Rb7 Ke6 69.Rb6+ Kf7 70.Bd4 Rh3+
71.Kc4 Bg5 72.Rb7+ Kg6 73.h7 Rxh7 74.Rxh7 Kxh7 75.Kxb4 Kg6 76.Kc4 Kf7 77.b4 Ke6  1/2-1/2

[Event "XXXI Nezhmetdinov Mem"]
[Site "Kazan RUS"]
[Date "2009.06.04"]
[Round "5"]
[White "Gorozhankina,J"]
[Black "Zaynutdinov,I"]
[Result "1-0"]
[WhiteElo "2080"]
[BlackElo "1922"]

1.e4 d6 2.d4 Nf6 3.Nc3 e5 4.Nf3 Nbd7 5.Bc4 Be7 6.O-O O-O 7.Re1 c6 8.a4 b6
9.b3 a6 10.Bd3 Bb7 11.Ne2 b5 12.Ng3 Re8 13.Bb2 exd4 14.Nxd4 Nc5 15.Bf1 Bf8
16.f3 g6 17.Qd2 Bg7 18.Ra2 Qc7 19.Nde2 Ncd7 20.Nc3 Rad8 21.Kh1 Ne5 22.Qf2 d5
23.exd5 Nxd5 24.Nxd5 Rxd5 25.f4 Re7 26.fxe5 Bxe5 27.Bxe5 Rdxe5 28.Rxe5 Qxe5
29.c4 Qc3 30.Qd2 Qxb3 31.Qd8+ Kg7 32.Qxe7 Qxa2 33.Qxb7 bxa4 34.Bd3 a3 35.Qb1 Qxb1+
36.Bxb1  1-0

[Event "10th Karpov"]
[Site "Poikovsky RUS"]
[Date "2009.06.04"]
[Round "2"]
[White "Efimenko,Z"]
[Black "Bologan,V"]
[Result "0-1"]
[WhiteElo "2682"]
[BlackElo "2690"]

1.e4 d6 2.d4 Nf6 3.Nc3 e5 4.Nf3 Nbd7 5.Bc4 Be7 6.O-O O-O 7.Re1 c6 8.a4 a5
9.h3 Nb6 10.Bf1 exd4 11.Nxd4 d5 12.e5 Ne8 13.Nce2 g6 14.Bh6 Ng7 15.Ng3 Bg5
16.Bxg5 Qxg5 17.Nf3 Qf4 18.Ne2 Qh6 19.Ned4 Be6 20.c3 Nd7 21.b4 Rfe8 22.Qb3 axb4
23.cxb4 Nf5 24.a5 Qf4 25.Qc3 Nxd4 26.Qxd4 Qh6 27.Bd3 Rec8 28.a6 b6 29.Qe3 Qxe3
30.Rxe3 c5 31.b5 h6 32.Ree1 Ra7 33.Bc2 Nf8 34.Red1 Re8 35.Nd2 Bd7 36.Ba4 Ne6
37.Nb1 Nf4 38.Nc3 d4 39.Ne4 Rxe5 40.Nd6 Re6 41.Nc4 Ne2+ 42.Kf1 Nc3 43.Rdb1 Nxb1
44.Rxb1 Kf8 45.f4 Ke7 46.Kf2 Kd8 47.Ne5 f6 48.Nc4 Kc7 49.Bd1 Re4 50.Bc2 Rxf4+
51.Ke2 Be6 52.Na5 Bd5 53.Bxg6 Bxg2 54.Nc4 Bxh3 55.Rh1 Be6 56.Bd3 Bxc4 57.Bxc4 Kd6
58.Rxh6 Re7+ 59.Kd1 d3 60.Bxd3 c4 61.Bg6 Kc5 62.Rh5+ Kb4 63.Rd5 Rf1+ 64.Kd2 c3+  0-1

[Event "XXXI Nezhmetdinov Mem"]
[Site "Kazan RUS"]
[Date "2009.06.05"]
[Round "6"]
[White "Denisov,I"]
[Black "Frolov,Arti"]
[Result "0-1"]
[WhiteElo "2189"]
[BlackElo "2435"]

1.e4 d6 2.d4 Nf6 3.Nc3 e5 4.Nf3 Nbd7 5.Bc4 Be7 6.Bg5 O-O 7.Qd2 c6 8.a4 b6
9.O-O-O a6 10.Qe2 Qc7 11.g4 b5 12.Bb3 Re8 13.Bxf6 Nxf6 14.g5 Nh5 15.h4 Be6
16.d5 Nf4 17.Qe3 cxd5 18.Bxd5 Nxd5 19.Nxd5 Bxd5 20.exd5 bxa4 21.h5 Rec8 22.Rd2 Rab8
23.g6 Rb3 24.Qe4 a3 25.gxf7+ Kh8 26.Nd4 axb2+ 27.Kb1 Ra3 28.Nc6 Qb6 29.Qb4 Qxb4
30.Nxb4 Ra1+ 31.Kxb2 Rxh1  0-1

[Event "12th IHEM"]
[Site "Hamburg GER"]
[Date "2009.06.06"]
[Round "8"]
[White "Putzbach,G"]
[Black "Lindinger,M"]
[Result "0-1"]
[WhiteElo "2286"]
[BlackElo "2283"]

1.e4 d6 2.d4 Nf6 3.Nc3 Nbd7 4.Be3 e5 5.f3 c6 6.Nh3 b5 7.d5 b4 8.dxc6 bxc3
9.cxd7+ Bxd7 10.bxc3 Be7 11.Nf2 O-O 12.Ba6 Qa5 13.Qd3 Be6 14.O-O d5 15.Bb7 Rad8
16.Qa6 Qxc3 17.Bxa7 dxe4 18.Qc6 Qa3 19.Bb6 Bd7 20.Qc7 Bd6 21.Qxd8 Rxd8 22.Bxd8 e3
23.Ne4 e2 24.Bxf6 exf1=Q+ 25.Rxf1 gxf6 26.Bd5 Bc5+ 27.Kh1 Be7 28.Bb3 f5 29.Nf2 Kg7
30.g3 Bc6 31.Kg2 Qa8 32.Nd3 Bd6 33.a4 Qb7 34.Rf2 e4 35.fxe4 fxe4 36.Ne5 e3+
37.Nxc6 Qxc6+  0-1

[Event "XXXI Nezhmetdinov Mem"]
[Site "Kazan RUS"]
[Date "2009.06.06"]
[Round "7"]
[White "Pavlov,Vi2"]
[Black "Khairullin,A"]
[Result "1-0"]
[WhiteElo "2041"]
[BlackElo "1882"]

1.e4 d6 2.d4 Nf6 3.Nc3 e5 4.Be3 Nbd7 5.f3 c6 6.Qd2 Be7 7.O-O-O O-O 8.g4 b5
9.Nce2 Nb6 10.Ng3 Be6 11.Kb1 Qc7 12.g5 Nfd7 13.Nf5 Rfe8 14.h4 Nf8 15.h5 g6
16.hxg6 fxg6 17.Nh6+ Kg7 18.f4 exf4 19.Bxf4 a5 20.d5 Nfd7 21.dxe6 Ne5 22.Be2 b4
23.Nf3 c5 24.Be3 a4 25.Nxe5 dxe5 26.Bb5 Reb8 27.Qh2 Rh8 28.Nf7 b3 29.Qh6+  1-0

[Event "ch-UZB"]
[Site "Tashkent UZB"]
[Date "2009.06.06"]
[Round "8"]
[White "Egin,V"]
[Black "Kayumov,S"]
[Result "1/2-1/2"]
[WhiteElo "2439"]
[BlackElo "2450"]

1.e4 d6 2.d4 Nf6 3.Nc3 Nbd7 4.Nf3 e5 5.Bc4 Be7 6.O-O O-O 7.Re1 a6 8.a4 b6
9.b3 Bb7 10.Bb2 c6 11.Bd3 Qc7 12.Ne2 Rfe8 13.Ng3 g6 14.Qd2 Bf8 15.c4 a5 16.Rad1 Bg7
17.Bc2 Rad8 18.Qc1 h6 19.Bb1 Nh7 20.Nf1 Nhf8 21.Ne3 Ne6 22.d5 Nec5 23.dxc6 Bxc6
24.Nd5 Bxd5 25.cxd5 Rc8 26.Qe3 Qb8 27.Bd3 Nxd3 28.Qxd3 Nc5 29.Qb5 f5 30.Nd2 Rf8
31.Ba3 Nxe4 32.Nxe4 fxe4 33.Rxe4 Rc2 34.Re2 Qc7 35.Qd3 Rxe2 36.Qxe2 Rc8 37.Qg4 Qc2
38.h4 Rf8 39.Rf1 Qxb3 40.Bxd6 Rd8 41.Be7 Rxd5 42.Qxg6 Rd1 43.Rxd1 Qxd1+ 44.Kh2 Qxa4
45.Qe6+ Kh8 46.Qc8+ Kh7 47.Qf5+ Kg8  1/2-1/2

[Event "Maia Chiburdanidze Cup"]
[Site "Tbilisi GEO"]
[Date "2009.06.06"]
[Round "2"]
[White "Mkrtchian,L"]
[Black "Tereladze,S"]
[Result "1-0"]
[WhiteElo "2479"]
[BlackElo "2276"]

1.e4 d6 2.d4 Nf6 3.Nc3 c6 4.Nf3 Qc7 5.e5 Nd5 6.exd6 Qxd6 7.Ne4 Qe6 8.Ne5 f6
9.Nc5 Qg8 10.Ned3 Nd7 11.Ne4 Qe6 12.Qe2 f5 13.Ng5 Qxe2+ 14.Bxe2 g6 15.h4 h6
16.Ne6 Kf7 17.Nxf8 Kxf8 18.c4 N5f6 19.Bf4 Kg7 20.O-O-O Nf8 21.Rhe1 Ne6 22.Be5 Rd8
23.Nf4 Kf7 24.Nxe6 Bxe6 25.Bf4 h5 26.f3 a5 27.a4 b5 28.axb5 cxb5 29.d5 Bc8
30.d6 exd6 31.Bxd6 Be6 32.c5 b4 33.Bb5 a4 34.Rxe6 Kxe6 35.Re1+ Kd5 36.Rd1+ Ke6
37.Re1+ Kd5 38.Re5+ Kd4 39.Re6 a3 40.bxa3 bxa3 41.Kb1 Nd5 42.Ka1 Nb4  1-0

[Event "Maia Chiburdanidze Cup"]
[Site "Tbilisi GEO"]
[Date "2009.06.06"]
[Round "2"]
[White "Lomineishvili,M"]
[Black "Tevzadze,M"]
[Result "1-0"]
[WhiteElo "2447"]
[BlackElo "1836"]

1.d4 d6 2.e4 Nf6 3.Nc3 Nbd7 4.g3 e5 5.Nge2 Be7 6.Bg2 c6 7.a4 Qc7 8.O-O O-O
9.h3 Re8 10.Be3 Bf8 11.d5 Nb6 12.b3 cxd5 13.exd5 Bd7 14.Qd2 g6 15.a5 Nc8
16.g4 Bg7 17.Ng3 Rf8 18.a6 Nb6 19.axb7 Qxb7 20.Ra5 Rfc8 21.Na2 Ne8 22.g5 Bf5
23.Nb4 Nd7 24.Nc6 Nb8 25.Rfa1 a6 26.R1a4 Nxc6 27.dxc6 Rxc6 28.Nxf5 gxf5 29.Bxc6 Qxc6
30.Qd5 Qc8 31.f4 Nc7 32.Qxd6 exf4 33.Rxf4 Qe8 34.Bf2 Nb5 35.Qd3 Rd8 36.Qxf5 Nc3
37.Rf3 Bd4 38.Kg2 Bxf2 39.Re5 Qf8 40.Rxf2 Rd1 41.Rc5 Qa8+ 42.Qf3 Qxf3+ 43.Kxf3 Nb5
44.Kg4 Rd4+ 45.Kf3 Kg7 46.Kg2 Rd6 47.Rcf5 Rd7 48.c4 Nc3 49.c5 Ne4 50.c6 Rc7
51.Rc2 Kg6 52.Ra5 Nxg5 53.Rxa6  1-0

[Event "Open"]
[Site "Brescia ITA"]
[Date "2009.06.07"]
[Round "2"]
[White "Sveshnikov,E"]
[Black "Lazic,Mir"]
[Result "1/2-1/2"]
[WhiteElo "2554"]
[BlackElo "2438"]

1.e4 d6 2.d4 Nf6 3.Nc3 e5 4.dxe5 dxe5 5.Qxd8+ Kxd8 6.Bg5 c6 7.f4 h6 8.O-O-O+ Ke8
9.Bh4 Be7 10.fxe5 Ng4 11.Bg3 Ne3 12.Re1 Nxf1 13.Rxf1 Na6 14.Nf3 Nc5 15.Nd4 Bg5+
16.Kb1 Bd2 17.Nf5 Bxf5 18.exf5 Bxc3 19.bxc3 Ne4 20.Kb2 Nxg3 21.hxg3 Rd8 22.Rf4 Rd5
23.Re1 Ke7 24.Rg4 Rg8 25.c4 Rdd8 26.e6 fxe6 27.Rxe6+ Kf7 28.Kc3 Rgf8 29.Reg6 Rg8
30.a4 c5 31.a5 Rde8 32.Kb3 h5 33.R4g5 Re2 34.f6 gxf6 35.Rxg8 fxg5 36.Rxg5 Rxg2
37.Ka4 Rxc2 38.Kb5 b6 39.Rxh5 Rb2+ 40.Kc6 bxa5 41.Rxc5 Rb6+ 42.Kc7 Rb4 43.Kd6 Rb6+
44.Kd7 Rb7+ 45.Kc6 Rb6+ 46.Kc7 Rb4 47.g4 a4 48.Rf5+ Ke6  1/2-1/2

[Event "XXXI Nezhmetdinov Mem"]
[Site "Kazan RUS"]
[Date "2009.06.07"]
[Round "8"]
[White "Yandemirov,V"]
[Black "Frolov,Arti"]
[Result "1-0"]
[WhiteElo "2499"]
[BlackElo "2435"]

1.e4 d6 2.d4 Nf6 3.Nc3 e5 4.dxe5 dxe5 5.Qxd8+ Kxd8 6.Bc4 Be6 7.Bxe6 fxe6
8.f3 Bd6 9.Nh3 Nc6 10.Be3 Ke7 11.O-O-O a6 12.Nf2 h6 13.Nd3 b5 14.Kb1 Nd7
15.Ne2 Na5 16.Bf2 c5 17.f4 Nb7 18.Bh4+ Ke8 19.Bg3 exf4 20.Ndxf4 Nf8 21.Nxe6 Bxg3
22.Nxf8 Rxf8 23.Nxg3 Rf2 24.Nf5 g6 25.Nxh6 Rxg2 26.Rhg1 Rxg1 27.Rxg1 Rd8
28.Kc1 Rd6 29.e5 Re6 30.Ng4 Nd8 31.Kd2 Nf7 32.Re1 Kd7 33.Kd3 Kc6 34.Ke4 b4
35.Kf4 a5 36.Re3 a4 37.Rh3 Nd8 38.Rh8 Kc7 39.Ke4 Re7 40.Nf6 Rxe5+ 41.Kxe5 Nf7+
42.Ke6 Nxh8 43.Ne4 Kc6 44.c4 bxc3 45.Nxc3 a3 46.bxa3 c4 47.a4 Kc5 48.a5  1-0

[Event "Open"]
[Site "Brescia ITA"]
[Date "2009.06.08"]
[Round "3"]
[White "Lazic,Mir"]
[Black "Vezzani,S"]
[Result "1-0"]
[WhiteElo "2438"]
[BlackElo "2176"]

1.e4 d6 2.d4 Nf6 3.Nc3 e5 4.Nge2 exd4 5.Nxd4 Be7 6.Qf3 Nbd7 7.Be2 Ne5 8.Qg3 c5
9.Nf5 Bxf5 10.exf5 Nc6 11.O-O Qd7 12.Bb5 Qxf5 13.Qxg7 Rf8 14.Bd3 Qh5 15.Ne4 Nxe4
16.Bxe4 O-O-O 17.Qxh7 Qxh7 18.Bxh7 f5 19.Bf4 Nd4 20.Rae1 Rf7 21.Bg6 Rg7 22.c3 Nf3+
23.Kh1 Nxe1 24.Bxf5+ Kc7 25.Rxe1 Bg5 26.Bxg5 Rxg5 27.g4 Rg7 28.h4 d5 29.Kg2 d4
30.cxd4 cxd4 31.Kf3 d3 32.Rd1 d2 33.Ke3 Kb6 34.f3 Kc5 35.Rxd2 Re7+ 36.Be4 Rxd2
37.Kxd2 Kd4 38.h5 Ke5 39.Ke3 Rc7 40.f4+ Kf6 41.g5+ Kg7 42.f5  1-0

[Event "TCh-BUL w"]
[Site "Sunny Beach BUL"]
[Date "2009.06.08"]
[Round "1"]
[White "Genova,Ly"]
[Black "Arutyunova,D"]
[Result "1/2-1/2"]
[WhiteElo "2221"]
[BlackElo "2264"]

1.e4 d6 2.d4 Nf6 3.Nc3 c6 4.f4 Qa5 5.Bd3 e5 6.Nf3 Bg4 7.Be3 Nbd7 8.Qd2 Bxf3
9.gxf3 g6 10.O-O-O Bg7 11.fxe5 dxe5 12.f4 exf4 13.Bxf4 Nh5 14.Bh6 O-O-O 15.Bxg7 Nxg7
16.Rhf1 f6 17.Kb1 Ne8 18.Qf4 Qc7 19.Ne2 Qxf4 20.Nxf4 Ng7 21.c3 Rde8 22.Kc2 Ne6
23.Nxe6 Rxe6 24.Rf2 Re7 25.Rdf1 Kc7 26.Rf4 g5 27.Rf5 h5 28.Kd2 g4 29.Rg1 Rh6
30.Ke3 Kd6 31.Kd2  1/2-1/2

[Event "Maia Chiburdanidze Cup"]
[Site "Tbilisi GEO"]
[Date "2009.06.08"]
[Round "4"]
[White "Ionica,I"]
[Black "Tereladze,S"]
[Result "1/2-1/2"]
[WhiteElo "2266"]
[BlackElo "2276"]

1.e4 d6 2.d4 Nf6 3.Nc3 e5 4.Nf3 Nbd7 5.Bc4 Be7 6.O-O O-O 7.Re1 c6 8.a4 h6
9.a5 Rb8 10.Bf1 Re8 11.b3 Qc7 12.Bb2 Bf8 13.Qd2 b5 14.axb6 axb6 15.Nh4 b5
16.Nf5 b4 17.Na4 Kh7 18.f3 Nb6 19.Nxb6 Qxb6 20.Kh1 Qc7 21.Ng3 g6 22.Red1 Bg7
23.dxe5 dxe5 24.Qd6 Qb6 25.Bc4 Be6 26.Qd3 Rbd8 27.Qe2 Rxd1+ 28.Rxd1 h5 29.Nf1 Bxc4
30.Qxc4 Re6  1/2-1/2

[Event "Maia Chiburdanidze Cup"]
[Site "Tbilisi GEO"]
[Date "2009.06.08"]
[Round "4"]
[White "Gogishvili,D"]
[Black "Tevzadze,M"]
[Result "0-1"]
[WhiteElo "1810"]
[BlackElo "1836"]

1.e4 d6 2.d4 Nf6 3.Nc3 Nbd7 4.g3 e5 5.Nge2 c6 6.a4 Qc7 7.Bg2 g6 8.O-O Bg7
9.h3 O-O 10.Be3 h6 11.Qd2 Kh7 12.Rad1 Re8 13.g4 Nf8 14.d5 c5 15.Nb5 Qb8 16.b3 a6
17.Nbc3 b5 18.Ng3 bxa4 19.Nxa4 g5 20.Rfe1 Ng6 21.f3 Nf4 22.Bf1 Bd7 23.Nc3 Qc7
24.Kh2 Ng8 25.Ra1 Qb7 26.Ra2 Bb5 27.Nf5 Bf8 28.Ne2 Qc7 29.c4 Bd7 30.Qc2 Nxe2
31.Bxe2 Bxf5 32.exf5 f6 33.Bd3 Kg7 34.Kg3 Reb8 35.Qc3 Qb6 36.Rb1 Qb7 37.Bc2 Ne7
38.Rba1 Nc8 39.Ra3 Be7 40.R1a2 Bd8 41.Qa1 a5 42.Bd2 Ra7 43.Bxa5 Bxa5 44.Rxa5 Rba8
45.R5a4 Rxa4 46.bxa4 Rb8 47.a5 Qb4 48.Bd3 Na7 49.Qd1 h5 50.Ra1 h4+ 51.Kf2 Qb2+
52.Be2 Rb4 53.Kf1 e4 54.Kg1 Rb3 55.Bf1 exf3 56.Ra4 Re3 57.Qa1 f2+ 58.Kg2 Rg3+
59.Kh2 Qb3 60.Qa2 Rxh3+  0-1

[Event "59th ch-RUS w HL"]
[Site "Voronezh RUS"]
[Date "2009.06.08"]
[Round "8"]
[White "Petrova,O"]
[Black "Stepovaia Dianchenko,T"]
[Result "0-1"]
[WhiteElo "2285"]
[BlackElo "2365"]

1.e4 d6 2.d4 Nf6 3.Nc3 e5 4.Nf3 Nbd7 5.Be2 Be7 6.O-O O-O 7.h3 c6 8.a4 Re8
9.Be3 Nf8 10.Nd2 Qc7 11.f4 Ne6 12.dxe5 dxe5 13.f5 Nd4 14.Bd3 Bd7 15.Kh1 h6
16.Ncb1 c5 17.Nc4 Nc6 18.c3 Rad8 19.Qe2 Bc8 20.Nba3 b6 21.Bc2 Bb7 22.Bg1 a6
23.Bh2 Bf8 24.Rad1 Rxd1 25.Rxd1 Nb8 26.Nd2 Bc6 27.Nf3 Nbd7 28.b3 Qb7 29.Nc4 Qb8
30.Bd3 Qc7 31.Na3 Nb8 32.Nb1 Bd6 33.c4 Bd7 34.Nc3 Nc6 35.Nd2 Nd4 36.Qe3 Bc6
37.g4 Nh7 38.Qg3 Qd8 39.Qf2 Ng5 40.Kg2 Bc7 41.Qe3 Nh7 42.Rb1 Qd6 43.h4 Bd8
44.Kh3 Qe7 45.Bg3 Nf6 46.Be2 Nh7 47.Bd3 Bc7 48.Bf2 Rd8 49.Bg3 Nf6 50.h5 Qd6
51.Nd5 Nh7 52.Bh4 Re8 53.Rf1 Bd8 54.f6 Ne6 55.Bb1 Neg5+ 56.Kg2 Bxf6 57.Bg3 Bd8
58.Rf5 g6 59.hxg6 fxg6 60.Rxe5 Rxe5 61.Qc3 Nf7 62.Nf3 Bxd5 63.Nxe5 Qf6 64.Qd2 Bb7
65.Qd7 Nxe5 66.Qe8+ Nf8 67.Bxe5 Qe7  0-1

[Event "59th ch-RUS w HL"]
[Site "Voronezh RUS"]
[Date "2009.06.09"]
[Round "9"]
[White "Severiukhina,Z"]
[Black "Kharashuta,E"]
[Result "1-0"]
[WhiteElo "2332"]
[BlackElo "2274"]

1.e4 d6 2.d4 Nf6 3.Nc3 c6 4.a4 Nbd7 5.Nf3 e5 6.Bc4 Be7 7.O-O O-O 8.Re1 a5
9.h3 h6 10.b3 Re8 11.Bb2 Qc7 12.Qd2 Nf8 13.Rad1 Ng6 14.Ba3 Rd8 15.Qe3 exd4
16.Nxd4 Ne5 17.Bf1 Bf8 18.f4 Ng6 19.g3 Re8 20.Qf2 Bd7 21.Nf5 Nxe4 22.Nxh6+ gxh6
23.Nxe4 Rxe4 24.Rxe4 d5 25.Bxf8 dxe4 26.Bxh6 Kh7 27.Bg5 Re8 28.Qe3 b5 29.Bf6 bxa4
30.Qc5 Re6 31.Qh5+ Kg8 32.Bc3 Kf8 33.Qxa5 Qxa5 34.Bxa5 Ke8 35.f5 Re5 36.fxg6 Rxa5
37.gxf7+  1-0